000 01439cam a22003617a 4500
003 CHAP
005 20220817044001.0
008 040218d2002 it r 00010 eng d
010 _a89370
011 _a90342
020 _a9251048371
035 _a100898
040 _cCHAP
082 1 0 _a639.2
_bF46 v.683 Suppl.
110 2 _aFAO
_bWestern Central Atlantic Fishery Commission
245 1 0 _aNational reports and technical papers presented at the First Meeting of the WECAFC Ad Hoc Working Group on the Development of Sustainable Moored Fish Aggregating Device Fishing in the Lesser Antilles Le Robert, Martinique, 8-11 Octubre 2001
_c/by FAO
260 _aRome :
_bFAO,
_c2002.
300 _a295 p.
_bilus.
410 0 0 _aFAO
_bWestern Central Atlantic Fishery Commission
490 0 _aFAO. Informe de pesca
_v; 683, Suppl.
590 _aBATCH-UPD
_b10
_c20130110
_lUCH01
_h0458
590 _aBATCH-UPD
_b10
_c20130410
_lUCH01
_h0135
590 _aBATCH-UPD
_b10
_c20130914
_lUCH01
_h1340
590 _aCONVERSION
_b10
_c20130109
_lUCH01
_h1349
650 1 4 _aPesca
_zRegión Atlántico Occidental.
_987427
650 1 4 _aRecursos marinos.
810 0 0 _aFAO
_bWestern Central Atlantic Fishery Commission
830 0 _aFAO. Informe de pesca
_v; 683, Suppl.
_939587
901 _aBK
905 _aMayto Villalobos Santana
942 _cLIBRO
949 _a639.2 F46 v.683 Suppl.
_bBC
_cFAO
_d33724000915773
_eFAO1
_gDonaciØn
_h104262
_i100898
_sb
999 _c89370
_d89370